LEADER 01862oam 2200565 450 001 9910707867603321 005 20180105143944.0 035 $a(CKB)5470000002467881 035 $a(OCoLC)965549305 035 $a(EXLCZ)995470000002467881 100 $a20161208d2016 ua 0 101 0 $aeng 135 $aurbn||||||||| 181 $ctxt$2rdacontent 182 $cc$2rdamedia 183 $acr$2rdacarrier 200 10$aU.S. policy toward Lebanon $ehearing before the Subcommittee on the Middle East and North Africa of the Committee on Foreign Affairs, House of Representatives, One Hundred Fourteenth Congress, second session, April 28, 2016 210 1$aWashington :$cU.S. Government Publishing Office,$d2016. 215 $a1 online resource (iii, 46 pages) 300 $aPrint version is available for sale by the Superintendent of Documents, U.S. Government Publishing Office. 300 $a"Serial No. 114-229." 517 $aU.S. policy toward Lebanon 606 $aNational security$zLebanon 606 $aRefugees$zLebanon 606 $aHumanitarian assistance, American$zLebanon 606 $aEconomic assistance, American$zLebanon 607 $aUnited States$xForeign relations$zLebanon 607 $aLebanon$xForeign relations$zUnited States 608 $aLegislative hearings.$2lcgft 615 0$aNational security 615 0$aRefugees 615 0$aHumanitarian assistance, American 615 0$aEconomic assistance, American 801 0$bGPO 801 1$bGPO 801 2$bMERUC 801 2$bOCLCF 801 2$bGPO 801 2$bIOG 801 2$bNKF 801 2$bCWCLL 801 2$bGPO 801 2$bAZP 801 2$bOCLCQ 801 2$bOCLCO 801 2$bGPO 906 $aBOOK 912 $a9910707867603321 996 $aU.S. policy toward Lebanon$93446780 997 $aUNINA